000 01160nam a2200301 i 4500
003 EG-GICUC
005 20260425195844.0
008 260425s1954 eg fr|||| 000 0 fre d
040 _aEG-GiCUC
_bfre
_cEG-GiCUC
_dEG-GiCUC
_eRda
041 0 _afre
082 0 4 _221
_a343.4
_bDE
092 0 4 _221
099 _aLaw1 10 343.4 DE 1954
110 _kÉgypte. Ambassade (Paris). Bureau de presse
245 1 0 _aDécret-loi n° 26 de 1954 sur les sociétés anonymes, sociétés en commandite par actions et sociétés à responsabilité limitée, et la note explicative /
_cAmbassade d’Égypte à Paris, Bureau de presse
264 1 _aParis :
_bAmbassade d’Égypte, Bureau de presse,
_c1954.
300 _a page ;
_c 24 cm.
_billustration ;
336 _2rda contenu
_a texte
337 _2rda medias
_aOrdinateur
338 _2 transporteur rda
_a Ressource en ligne
504 _aComprend des références bibliographiques et un index.
546 _aTexte en français
650 1 4 _aLa Procédure Pénale.
_2qrmak
651 1 _2qrmak
856 4 0 _uhttps://fll.law.cu.edu.eg/fulltext/bks/B10-10621.pdf
905 _a74
942 _2ddc
_cBK
_e21
_n0
999 _c73355
_d73355